Top 10 Oldest U.S. Presidents At Death - Statistics

General Stats
  • This quiz has been taken 73 times
  • The average score is 7 of 10
Answer Stats
Life Span Answer % Correct
93 years Ronald Reagan
97%
94 years George H. W. Bush
95%
100 years Jimmy Carter
91%
93 years Gerald Ford
82%
88 years Harry S. Truman
74%
90 years Herbert Hoover
71%
81 years* Joe Biden
66%
90 years John Adams
66%
83 years Thomas Jefferson
60%
85 years James Madison
48%
No matching quizzes found
Score Distribution
Percent of People with Each Score
Percentile by Number Answered
Your Score History
You have not taken this quiz